Energy-saving heating gets £6m boost (Record no. 73801)
[ view plain ]
| 000 -LEADER | |
|---|---|
| fixed length control field | 01029cam a2200193 4500 |
| 001 - CONTROL NUMBER | |
| control field | WB3944-09 |
| 008 - FIXED-LENGTH DATA ELEMENTS--GENERAL INFORMATION | |
| fixed length control field | 031118n2003 000 0 eng u |
| 035 ## - SYSTEM CONTROL NUMBER | |
| System control number | (Sirsi) u124361 |
| 245 ## - TITLE STATEMENT | |
| Title | Energy-saving heating gets £6m boost |
| 260 ## - PUBLICATION, DISTRIBUTION, ETC. | |
| Date of publication, distribution, etc. | 2003 |
| 490 ## - SERIES STATEMENT | |
| Series statement | DEFRA News Release |
| Volume/sequential designation | (474/03) 13 November 2003 (2) |
| 520 ## - SUMMARY, ETC. | |
| Summary, etc. | Leicester City Council has received £5.1m from the government as part of its Community Energy Programme. Other grants announced include Barking, Havering and Redbridge NHS Trust, Shetland Charitable Trust and Kilburn Square Housing Cooperative. The money is to be spent on projects which help to reduce energy bills and combat both greenhouse gases and fuel poverty. More information is available from http://www.est.org.uk/communityenergy/. http://www.defra.gov.uk/news/2003/031113a.htm |
| 590 ## - LOCAL NOTE (RLIN) | |
| Local note | WB |
| 650 ## - SUBJECT ADDED ENTRY--TOPICAL TERM | |
| Topical term or geographic name entry element | ENERGY-SAVING |
| 650 ## - SUBJECT ADDED ENTRY--TOPICAL TERM | |
| Topical term or geographic name entry element | GREENHOUSE GASES |
| 650 ## - SUBJECT ADDED ENTRY--TOPICAL TERM | |
| Topical term or geographic name entry element | FUEL CONSERVATION |
| 690 ## - LOCAL SUBJECT ADDED ENTRY--TOPICAL TERM (OCLC, RLIN) | |
| Topical term or geographic name as entry element | ENVIRONMENTAL AND LAND CONSULTANCY-ENERGY-ENERGY USE-ENERGY EFFICIENCY |
| 942 ## - ADDED ENTRY ELEMENTS (KOHA) | |
| Suppress in OPAC | 0 |
| Withdrawn status | Lost status | Source of classification or shelving scheme | Damaged status | Not for loan | Home library | Current library | Shelving location | Date acquired | Total Checkouts | Full call number | Barcode | Date last seen | Copy number | Price effective from | Koha item type |
|---|---|---|---|---|---|---|---|---|---|---|---|---|---|---|---|
| Dewey Decimal Classification | London | London | News article | 18/11/2003 | WB3944-09 | 124361-1001 | 06/08/2019 | 1 | 06/08/2019 | News article |